[Event "AUT-ch99M"]
[Site "Wien"]
[Date "1999.08.20"]
[Round "14"]
[White "Baumegger, Siegfried"]
[Black "Sommerbauer, Norbert"]
[Result "1/2-1/2"]
[WhiteElo "2407"]
[BlackElo "2375"]
[PlyCount "36"]
[EventDate "1999.08.20"]

1. e4 c5 2. Nf3 a6 3. c3 e6 4. d4 d5 5. e5 Bd7 6. Nbd2 cxd4 7. Nxd4 Nc6 8. N2f3
Nge7 9. Bd3 Nxd4 10. cxd4 Bb5 11. O-O Bxd3 12. Qxd3 Nc6 13. h4 Be7 14. h5 h6
15. Be3 Qb6 16. Rfc1 Qb5 17. Qd2 Qb4 18. Qc2 O-O 1/2-1/2

[Event "AUT-ch99M"]
[Site "Wien"]
[Date "1999.08.20"]
[Round "14"]
[White "Weiss, Christian"]
[Black "Stichlberger, Martin"]
[Result "1-0"]
[WhiteElo "2524"]
[BlackElo "2296"]
[PlyCount "83"]
[EventDate "1999.08.20"]

1. d4 h6 2. e4 g5 3. c3 d5 4. Nd2 Bg7 5. Ngf3 g4 6. Ne5 Bxe5 7. dxe5 Nc6 8. Bb5
Bd7 9. Bxc6 bxc6 10. O-O dxe4 11. Nxe4 Bf5 12. Qa4 Qd5 13. Ng3 Bd7 14. Rd1 Qe6
15. Be3 Rh7 16. Ne4 c5 17. Qa5 Qxe5 18. Nxc5 Bc6 19. Qa6 Qf6 20. b4 Bd7 21. Qa5
Bf5 22. Qxc7 h5 23. Nb7 Kf8 24. Rd8+ Rxd8 25. Qxd8+ Kg7 26. Bd4 e5 27. Qxf6+
Kxf6 28. Bxa7 Ne7 29. Bc5 Nd5 30. c4 Nc3 31. Nd6 Bd3 32. a4 h4 33. Ra3 Ne2+ 34.
Kf1 Nf4+ 35. Ke1 Nxg2+ 36. Kd2 e4 37. b5 g3 38. hxg3 hxg3 39. a5 Rh2 40. a6 Nh4
41. Kc3 Nf3 42. a7 1-0

[Event "AUT-ch99M"]
[Site "Wien"]
[Date "1999.08.21"]
[Round "15"]
[White "Mahdy, Khaled"]
[Black "Kwatschewsky, Leo"]
[Result "1/2-1/2"]
[WhiteElo "2325"]
[BlackElo "2344"]
[PlyCount "29"]
[EventDate "1999.08.21"]

1. e4 c5 2. Nf3 d6 3. Bb5+ Nd7 4. O-O a6 5. Bxd7+ Bxd7 6. d4 cxd4 7. Qxd4 Bc6
8. Nc3 e6 9. Re1 Nf6 10. Bg5 Be7 11. Rad1 O-O 12. Qd3 Qa5 13. Qd2 Qc7 14. Nd4
Rfd8 15. Nxc6 1/2-1/2

[Event "AUT-ch99M"]
[Site "Wien"]
[Date "1999.08.21"]
[Round "15"]
[White "Hansen, Kay"]
[Black "Kummer, Helmut"]
[Result "1/2-1/2"]
[WhiteElo "2205"]
[BlackElo "2293"]
[PlyCount "27"]
[EventDate "1999.08.21"]

1. e4 e5 2. Nf3 Nf6 3. Nc3 Nc6 4. Bb5 Bb4 5. O-O O-O 6. d3 d6 7. Bg5 Bxc3 8.
bxc3 Ne7 9. h3 Ng6 10. Qe2 h6 11. Be3 c6 12. Bc4 Qe7 13. Bb3 Be6 14. Nd2
1/2-1/2